00943nam a22002777a 45000010005000000030006000050050017000110080041000280200018000690400029000870500016001160820008001321000020001402450075001602500046002352600038002813000048003194900024003675050008003915200110003995210030005095210021005396500037005606500038005977000030006357631FISKH20250729084214.0250729b cb ||||| |||| 00| 0 eng d a9780439576604 aFISKHbengcFISKHdFISKH aPZ7.P2185 A a813 aParish, Herman  aAmelia Bedelia, bookworm / cBy Herman Parish : Picute by Lynn Sweat  aFirst Scholastic printing, September 2004 aNew York : bScholastic , c2003. a64 pages : bcolor illustrations ;c23 cm . aAmelia Bedelia v17 aL  aThe literal-minded housekeeper causes chaos at her local library when she stops by to help the librarian.8 a530 bLexile estimate 8 aL bRaz-Plus  aHomophonesvJuvenile Literature  aEasy readervJuvenile Literature  aSweat, LynneIllustrator